| 000 | 00410cam a2200157ua 4500 | ||
|---|---|---|---|
| 041 |
_aeng _h |
||
| 082 |
_a826 _b |
||
| 100 | _aNandurkar, G.M . | ||
| 245 | 0 | 0 |
_aSardar`s letters- Mostly unknown, Vol.5 / _cG.M.Nandurkar. _hTextual Documents |
| 260 |
_a : _bSardar Vallabh Bhai Patel Smarak Bhavan , _c1978. |
||
| 300 | _a351 ; . | ||
| 504 | _a | ||
| 942 | _cBK | ||
| 999 |
_c7921 _d7921 |
||